000
00266nam a2200109Ia 4500
008
190906s9999||||xx |||||||||||||| ||und||
100
_a
Abdul haq ,Molvi
245
2
_a
A Dictionary of Urdu
260
_a
Karachi
_b
Dorling Kindersley
_c
1990
300
_a
992
942
_c
BK
999
_c
6147
_d
6147